000 00694nam a2200253Ia 4500
003 OSt
005 20221005082657.0
006 a|||||r|||| 00| 0
007 ta
008 221004b |||||||| |||| 00| 0 eng d
024 _a14473
037 _cTextual
040 _aCRL
_cCRL
_beng
041 _2eng
_aeng
082 _a2:51N3:g, M9
100 _aSatija M. P.
245 0 _aManual of practical Colon Classification
260 _aNew Delhi
_bSterling Publishers Pvt. Ltd.
_c1989
300 _a224 Chart
_ccm.
650 _a LIBRARY SCIENCE
650 _aLIBRARY CLASSIFICATION
_9155549
942 _h2:51N3:g, M9
_cTEXL
_2cc
999 _c989707
_d989707